Statistics for Geographical Locations starting with U, V, W

Click here to take the quiz!

General Stats

  • This quiz has been taken 78 times
  • The average score is 16 of 20

Answer Stats

HintAnswer% Correct
A Country in Eastern EuropeUkraine
100%
You'll find gondolas hereVenice
96%
Mountain range in Russia that stretches from the Arctic to the Caspian Sea{Ural} Mountains
94%
The traditional place of coronation and burial site for English/British monarchs{Westminster} Abbey
94%
Salt Lake City is its capitalUtah
93%
Location of the final defeat of Napoleon BonaparteWaterloo
93%
The capital of MongoliaUlaanbaatar
92%
A volcanic mountain in ItalyVesuvius
92%
Largest lake in AfricaVictoria
92%
The longest river in EuropeVolga
87%
Largest island in western Canada{Vancouver} Island
83%
A territory on the Jordan river, claimed by both Israel and Palestine{West} {Bank}
82%
Autonomous community in SpainValencia
79%
Disputed territory in Morocco{Western} {Sahara}
73%
Community in New York state and a music festival that began in the 1960sWoodstock
73%
Former name of Burkina Faso{Upper} {Volta}
58%
A major city, seaport, naval base and educational centre in ChileValparaiso
58%
Area of coastal North America explored by Vikings. Leif Erikson around 1000 CEVinland
58%
It takes one of these to raise a childVillage
54%
Capital of the Yukon Territory, CanadaWhitehorse
49%

Score Distribution

Percentile by Number Answered

Percent of People with Each Score

Your Score History

You have not taken this quiz